[Event "Santa Maria SMXC Cup-B 6th"]
[Site "Santa Maria de Jetiba"]
[Date "2020.03.31"]
[Round "8"]
[White "Ferreira, Cladimir Nunes"]
[Black "Dejeanne, Francisco Horacio"]
[Result "1/2-1/2"]
[WhiteElo "1899"]
[BlackElo "2200"]
[PlyCount "79"]
[EventDate "2019.12.21"]
[EventType "tourn"]
[EventRounds "14"]
[EventCountry "BRA"]
[SourceTitle "EXT 2022"]
[Source "ChessBase"]
[SourceDate "2021.10.06"]
[SourceVersion "1"]
[SourceVersionDate "2021.10.06"]
[SourceQuality "1"]

1. e4 e6 2. d4 d5 3. exd5 exd5 4. Nf3 Bd6 5. c3 Ne7 6. Be3 0-0 7. h3 Re8 8. Bd3 Bf5 9. 0-0 Bxd3 10. Qxd3 Qd7 11. Nbd2 c6 12. Rfe1 Qf5 13. Qxf5 Nxf5 14. Nf1 Nxe3 15. Rxe3 Nd7 16. Rae1 Kf8 17. Rxe8+ Rxe8 18. Rxe8+ Kxe8 19. Ne3 Bf4 20. Kf1 Bxe3 21. fxe3 Nf6 22. Nd2 Ke7 23. Kf2 Ke6 24. Kf3 Ne8 25. e4 Nc7 26. e5 f6 27. exf6 Kxf6 28. Nf1 Nb5 29. Ng3 Nd6 30. b3 Nf5 31. Nxf5 Kxf5 32. g3 h5 33. Ke3 g5 34. Kf3 g4+ 35. hxg4+ hxg4+ 36. Ke3 Kg5 37. Kf2 Kf5 38. Ke3 Kg5 39. Kf2 Kf5 40. Ke3 1/2-1/2

[Event "Santa Maria SMXC Cup-B 6th"]
[Site "Santa Maria de Jetiba"]
[Date "2020.03.15"]
[Round "7"]
[White "De Freitas, Fabio Ribeiro"]
[Black "Dejeanne, Francisco Horacio"]
[Result "0-1"]
[WhiteElo "1755"]
[BlackElo "2200"]
[PlyCount "46"]
[EventDate "2019.12.21"]
[EventType "tourn"]
[EventRounds "14"]
[EventCountry "BRA"]
[SourceTitle "EXT 2021"]
[Source "ChessBase"]
[SourceDate "2020.10.23"]
[SourceVersion "1"]
[SourceVersionDate "2020.10.23"]
[SourceQuality "1"]

1. e4 c5 2. d4 cxd4 3. Nf3 d6 4. Nxd4 Nf6 5. Nc3 g6 6. Be2 Bg7 7. Be3 0-0 8. Qd2 Nc6 9. Nxc6 bxc6 10. Bh6 Bxh6 11. Qxh6 Rb8 12. b3 d5 13. exd5 cxd5 14. 0-0 e5 15. Rfd1 d4 16. Qg5 Bd7 17. Rd2 dxc3 18. Rd6 Ne4 19. Rxg6+ hxg6 20. Qxe5 Re8 21. Qf4 Ng3 22. Qxg3 Rxe2 23. Qxc3 Bf5 0-1

[Event "Santa Maria 1st"]
[Site "Santa Maria de Jetiba"]
[Date "2020.03.15"]
[Round "3"]
[White "Dejeanne, Francisco Horacio"]
[Black "Santos, Leonardo Bortolotti"]
[Result "1-0"]
[WhiteElo "2205"]
[BlackElo "1800"]
[PlyCount "43"]
[EventDate "2020.03.14"]
[EventType "tourn"]
[EventRounds "11"]
[EventCountry "BRA"]
[SourceTitle "CBM 195 Extra"]
[Source "ChessBase"]
[SourceDate "2020.05.31"]
[SourceVersion "1"]
[SourceVersionDate "2020.05.31"]
[SourceQuality "1"]

1. c4 c5 2. Nc3 Nc6 3. g3 g6 4. Bg2 Bg7 5. Nf3 Nf6 6. d4 cxd4 7. Nxd4 Nxd4 8. Qxd4 0-0 9. 0-0 d6 10. Qd3 Rb8 11. Be3 b6 12. h3 Bf5 13. Qd2 Qc8 14. g4 Be6 15. b3 h5 16. f3 d5 17. cxd5 Rd8 18. Rac1 Nxd5 19. Nxd5 Qb7 20. Rc7 Qxc7 21. Nxc7 Rxd2 22. Bxd2 1-0

[Event "Florianopolis 3rd"]
[Site "Florianopolis"]
[Date "2016.01.25"]
[Round "5"]
[White "Umetsubo, Cesar Hidemitsu"]
[Black "Dejeanne, Francisco Horacio"]
[Result "1/2-1/2"]
[WhiteElo "2370"]
[BlackElo "2249"]
[PlyCount "137"]
[EventDate "2016.01.23"]
[EventType "tourn"]
[EventRounds "9"]
[EventCountry "BRA"]
[EventCategory "6"]
[SourceTitle "CBM 170 Extra"]
[Source "ChessBase"]
[SourceDate "2016.02.25"]
[SourceVersion "1"]
[SourceVersionDate "2016.02.25"]
[SourceQuality "1"]

1. e4 e6 2. d4 d5 3. Nd2 c5 4. exd5 exd5 5. Ngf3 Nc6 6. Bb5 Bd6 7. dxc5 Bxc5 8. 0-0 Nge7 9. Nb3 Bd6 10. Re1 0-0 11. Bg5 Bg4 12. Bh4 Qc7 13. Bg3 Rad8 14. c3 Nf5 15. Bxd6 Nxd6 16. Be2 Nc4 17. Qc2 Bh5 18. Nh4 Bxe2 19. Rxe2 d4 20. cxd4 Rxd4 21. Nf3 Rf4 22. Qc3 Nb6 23. Rd1 h6 24. Qc1 Rf6 25. h3 Rd6 26. Rxd6 Qxd6 27. Nc5 Qc7 28. Ne4 Rd8 29. Nc3 Nd5 30. Nxd5 Rxd5 31. Re8+ Kh7 32. Qc2+ f5 33. g3 Qf7 34. Re1 Qh5 35. Qb3 Rd7 36. Kg2 Qf7 37. Qxf7 Rxf7 38. h4 Re7 39. Rxe7 Nxe7 40. Ne5 g5 41. hxg5 hxg5 42. Kf3 Kg7 43. Ke3 b6 44. Kd4 Kf6 45. a4 Ke6 46. b4 g4 47. b5 Kd6 48. Nc4+ Ke6 49. Ne3 Kd6 50. a5 bxa5 51. Nc4+ Kc7 52. Ke5 a4 53. Ke6 Kd8 54. Kd6 Nc8+ 55. Ke5 Ne7 56. Ke6 Ke8 57. Kd6 Kd8 58. Ke5 Kd7 59. b6 axb6 60. Nxb6+ Ke8 61. Nxa4 Kf7 62. Nc5 Kg6 63. Kd6 Ng8 64. Ke5 Nh6 65. Ne6 Nf7+ 66. Kf4 Kf6 67. Nd4 Nd6 68. Nc6 Ne4 69. Ke3 1/2-1/2

[Event "Sao Bernardo do Campo 4th"]
[Site "Sao Bernardo do Campo"]
[Date "2015.07.06"]
[Round "7"]
[White "Santos, Marcus Vinicius M"]
[Black "Dejeanne, Francisco Horacio"]
[Result "1-0"]
[WhiteElo "2329"]
[BlackElo "2269"]
[PlyCount "77"]
[EventDate "2015.07.01"]
[EventType "tourn"]
[EventRounds "9"]
[EventCountry "BRA"]
[EventCategory "2"]
[SourceTitle "EXT 2016"]
[Source "ChessBase"]
[SourceDate "2015.10.08"]
[SourceVersion "1"]
[SourceVersionDate "2015.10.08"]
[SourceQuality "1"]

1. d4 d5 2. c4 e6 3. Nc3 c5 4. cxd5 exd5 5. Nf3 Nc6 6. g3 Nf6 7. Bg2 Bg4 8. Bg5 cxd4 9. Nxd4 Be7 10. h3 Bd7 11. 0-0 0-0 12. Rc1 Re8 13. Qd3 Qb6 14. Nb3 d4 15. Bxf6 Bxf6 16. Nd5 Qd8 17. Nc5 Bc8 18. a3 g6 19. Qb5 Rb8 20. Ne4 Bg7 21. Kh2 Kh8 22. Qc5 Bf8 23. Qc4 Bg7 24. b4 a6 25. Nc5 Ne7 26. Nf4 Kg8 27. Rfd1 Qc7 28. Qb3 Qe5 29. Ne4 Nf5 30. Rc5 Qe7 31. Nd5 Qd8 32. Qc2 h6 33. a4 Nd6 34. Nc7 Rf8 35. Rc1 Nxe4 36. Qxe4 Qd6 37. Ne8 Qe6 38. Qf4 Ra8 39. Nc7 1-0

[Event "Sao Bernardo do Campo 4th"]
[Site "Sao Bernardo do Campo"]
[Date "2015.07.03"]
[Round "3"]
[White "Dejeanne, Francisco Horacio"]
[Black "Rodrigues, Edgar"]
[Result "1-0"]
[WhiteElo "2269"]
[BlackElo "2318"]
[PlyCount "73"]
[EventDate "2015.07.01"]
[EventType "tourn"]
[EventRounds "9"]
[EventCountry "BRA"]
[EventCategory "2"]
[SourceTitle "EXT 2016"]
[Source "ChessBase"]
[SourceDate "2015.10.08"]
[SourceVersion "1"]
[SourceVersionDate "2015.10.08"]
[SourceQuality "1"]

1. d4 c5 2. d5 e6 3. c4 exd5 4. cxd5 d6 5. Nc3 Nf6 6. e4 g6 7. f4 Bg7 8. Bb5+ Nfd7 9. a4 0-0 10. Nf3 Na6 11. 0-0 Nb4 12. Re1 a6 13. Bf1 Re8 14. h3 Qc7 15. Be3 Nf6 16. Bf2 Nh5 17. g3 Bd7 18. Qd2 Bh6 19. Kh2 Rad8 20. Be3 Nf6 21. e5 dxe5 22. fxe5 Bxe3 23. Rxe3 Nh5 24. Rc1 Bc6 25. Bc4 Qd7 26. Rd1 Qf5 27. Qe2 Bxa4 28. Nxa4 b5 29. Nxc5 bxc4 30. Qxc4 a5 31. d6 Nf6 32. e6 Nfd5 33. exf7+ Qxf7 34. Rxe8+ Rxe8 35. d7 Rd8 36. Rf1 Rxd7 37. Ne5 1-0

[Event "Florianopolis 2nd"]
[Site "Florianopolis"]
[Date "2015.06.24"]
[Round "9"]
[White "Molina, Roberto Junio Brito"]
[Black "Dejeanne, Francisco Horacio"]
[Result "1-0"]
[WhiteElo "2450"]
[BlackElo "2195"]
[PlyCount "73"]
[EventDate "2015.06.19"]
[EventType "tourn"]
[EventRounds "9"]
[EventCountry "BRA"]
[EventCategory "6"]
[SourceTitle "CBM 167 Extra"]
[Source "ChessBase"]
[SourceDate "2015.09.14"]
[SourceVersion "1"]
[SourceVersionDate "2015.09.14"]
[SourceQuality "1"]

1. d4 Nf6 2. c4 c5 3. d5 b5 4. cxb5 a6 5. b6 Qxb6 6. Nc3 e6 7. e4 exd5 8. exd5 Be7 9. Nf3 0-0 10. Nd2 Re8 11. Nc4 Qc7 12. Be2 d6 13. 0-0 Nbd7 14. Bf4 Nb6 15. Ne3 Bf8 16. Qc2 Bb7 17. Rfd1 Rac8 18. a4 Rb8 19. a5 Nbd7 20. Nc4 Ne5 21. Nxe5 dxe5 22. Bg5 Nd7 23. Bg4 Bd6 24. Ne4 Bc8 25. Rac1 Rb5 26. Qc3 Rf8 27. Be2 Rb8 28. Be3 Re8 29. Bf1 f5 30. Nxd6 Qxd6 31. Bxc5 Qg6 32. d6 e4 33. Ba7 Ra8 34. Bd4 f4 35. Qb3+ Kh8 36. Rc7 h6 37. Rdc1 1-0

[Event "Florianopolis 2nd"]
[Site "Florianopolis"]
[Date "2015.06.23"]
[Round "7"]
[White "Dejeanne, Francisco Horacio"]
[Black "Cubas, Jose Fernando"]
[Result "1/2-1/2"]
[WhiteElo "2195"]
[BlackElo "2455"]
[PlyCount "102"]
[EventDate "2015.06.19"]
[EventType "tourn"]
[EventRounds "9"]
[EventCountry "BRA"]
[EventCategory "6"]
[SourceTitle "CBM 167 Extra"]
[Source "ChessBase"]
[SourceDate "2015.09.14"]
[SourceVersion "1"]
[SourceVersionDate "2015.09.14"]
[SourceQuality "1"]

1. d4 Nf6 2. c4 e6 3. g3 c5 4. Nf3 cxd4 5. Nxd4 Bb4+ 6. Bd2 Be7 7. Bg2 0-0 8. 0-0 Nc6 9. Bc3 d5 10. cxd5 exd5 11. Nd2 Qb6 12. e3 Re8 13. Qb3 Qxb3 14. N2xb3 Ne4 15. Nxc6 bxc6 16. Bxe4 dxe4 17. Bd4 Be6 18. Rfc1 Rec8 19. Nc5 Bd5 20. Na6 f6 21. Rc3 Kf7 22. a3 Bd8 23. Rac1 Bb6 24. Bxb6 axb6 25. Nb4 Be6 26. Nxc6 Bd7 27. Nd4 Rxc3 28. Rxc3 Ke7 29. Kf1 Kd6 30. Ke1 h5 31. Kd2 h4 32. Rc1 hxg3 33. hxg3 Rh8 34. Rc2 g5 35. Kc3 f5 36. Kb4 Rf8 37. Nb5+ Ke7 38. a4 Rf6 39. b3 Rh6 40. Na3 Be6 41. Nb5 Rh1 42. Nd4 Bd7 43. a5 bxa5+ 44. Kxa5 Rd1 45. b4 f4 46. gxf4 gxf4 47. b5 Kd6 48. Kb6 fxe3 49. fxe3 Rd3 50. Re2 Kd5 51. Re1 Be8 1/2-1/2

[Event "Florianopolis 2nd"]
[Site "Florianopolis"]
[Date "2015.06.22"]
[Round "5"]
[White "Dejeanne, Francisco Horacio"]
[Black "Gauche, Charles"]
[Result "1-0"]
[WhiteElo "2195"]
[BlackElo "2275"]
[PlyCount "65"]
[EventDate "2015.06.19"]
[EventType "tourn"]
[EventRounds "9"]
[EventCountry "BRA"]
[EventCategory "6"]
[SourceTitle "CBM 167 Extra"]
[Source "ChessBase"]
[SourceDate "2015.09.14"]
[SourceVersion "1"]
[SourceVersionDate "2015.09.14"]
[SourceQuality "1"]

1. e4 c5 2. Nf3 a6 3. c3 Qc7 4. d4 d6 5. Bf4 e6 6. Nbd2 Nd7 7. a4 e5 8. Bg3 Ngf6 9. Bc4 cxd4 10. cxd4 Nxe4 11. Bxf7+ Kxf7 12. Qb3+ Ke8 13. Nxe4 Qa5+ 14. Nc3 e4 15. Nd2 Nf6 16. Nc4 Qd8 17. Nb6 Rb8 18. 0-0 Be7 19. Rae1 Bf5 20. f3 Bg6 21. a5 Bf7 22. Qa4+ Kf8 23. fxe4 Kg8 24. e5 dxe5 25. dxe5 Nh5 26. Rxf7 Kxf7 27. Qc4+ Kg6 28. Qe6+ Bf6 29. exf6 Nxg3 30. Qg4+ Kxf6 31. Qe6+ Kg5 32. Re5+ Kf4 33. Nbd5+ 1-0

[Event "Florianopolis 2nd"]
[Site "Florianopolis"]
[Date "2015.06.20"]
[Round "3"]
[White "Dejeanne, Francisco Horacio"]
[Black "Languidey, Simon Alejandro"]
[Result "1/2-1/2"]
[WhiteElo "2195"]
[BlackElo "2334"]
[PlyCount "151"]
[EventDate "2015.06.19"]
[EventType "tourn"]
[EventRounds "9"]
[EventCountry "BRA"]
[EventCategory "6"]
[SourceTitle "CBM 167 Extra"]
[Source "ChessBase"]
[SourceDate "2015.09.14"]
[SourceVersion "1"]
[SourceVersionDate "2015.09.14"]
[SourceQuality "1"]

1. d4 Nf6 2. c4 e6 3. Nf3 Bb4+ 4. Nbd2 b6 5. g3 Bb7 6. Bg2 0-0 7. 0-0 d5 8. Qc2 Nbd7 9. Rd1 Bd6 10. e4 dxe4 11. Ng5 Be7 12. Ndxe4 Qc8 13. c5 c6 14. Bf4 h6 15. Bd6 Bxd6 16. Nxd6 Qc7 17. Nge4 Nxe4 18. Bxe4 Nf6 19. Bg2 Rab8 20. b3 Ba8 21. Rac1 Rfd8 22. Rd2 b5 23. f4 Ne8 24. Ne4 Bb7 25. Re1 a5 26. Bh3 Bc8 27. Qb2 b4 28. Nf2 Ba6 29. Ng4 Bb5 30. Ne5 Nf6 31. Bg2 Nd7 32. Nf3 Nf8 33. Ne5 Nd7 34. Nf3 Nf8 35. a4 bxa3 36. Qxa3 Ra8 37. Ra1 a4 38. bxa4 Rxa4 39. Qc1 Qa7 40. Rxa4 Qxa4 41. Qd1 Qa6 42. h3 Ng6 43. Qe1 Qa5 44. Kh2 Ne7 45. Ne5 Rxd4 46. Nf3 Rxd2 47. Nxd2 Qc3 48. Qf2 Qb2 49. Qe1 Nf5 50. Ne4 Bc4 51. g4 Nd4 52. Qd2 Qxd2 53. Nxd2 Bd5 54. Bf1 g5 55. Kg3 Kg7 56. Bd3 Kf6 57. h4 e5 58. fxg5+ hxg5 59. h5 Kg7 60. Ne4 Ne6 61. Bc2 Kh6 62. Bb1 Bxe4 63. Bxe4 Nxc5 64. Bxc6 f6 65. Kf3 Kg7 66. Bd5 Na4 67. Bc6 Nc5 68. Bd5 Kh6 69. Bc6 f5 70. gxf5 Kxh5 71. Kg3 g4 72. f6 Kg6 73. Kxg4 Kxf6 74. Kf3 e4+ 75. Bxe4 Nxe4 76. Kxe4 1/2-1/2

[Event "Florianopolis op"]
[Site "Florianopolis"]
[Date "2015.01.18"]
[Round "9"]
[White "Dejeanne, Francisco Horacio"]
[Black "Goncalves, Ruan Lucas Alves"]
[Result "1/2-1/2"]
[WhiteElo "2240"]
[BlackElo "1919"]
[PlyCount "58"]
[EventDate "2015.01.14"]
[EventType "swiss"]
[EventRounds "10"]
[EventCountry "BRA"]
[SourceTitle "CBM 164 Extra"]
[Source "ChessBase"]
[SourceDate "2015.03.02"]
[SourceVersion "1"]
[SourceVersionDate "2015.03.02"]
[SourceQuality "1"]

1. d4 Nf6 2. c4 g6 3. Nc3 Bg7 4. e4 d6 5. f3 0-0 6. Be3 e5 7. d5 c6 8. Qd2 cxd5 9. cxd5 a6 10. 0-0-0 b5 11. Kb1 Nbd7 12. g4 h5 13. h3 Nc5 14. b4 Ncd7 15. Bg5 Qb6 16. Qe3 Qb8 17. a3 a5 18. Rh2 axb4 19. axb4 Nb6 20. Ra2 Rxa2 21. Nxa2 Nc4 22. Bxc4 bxc4 23. Bxf6 Bxf6 24. gxh5 Kg7 25. hxg6 fxg6 26. Ne2 Rh8 27. Rh1 Bd8 28. Ng3 Qb6 29. Qg5 Qa7 1/2-1/2

[Event "Florianopolis op"]
[Site "Florianopolis"]
[Date "2015.01.16"]
[Round "5"]
[White "Dejeanne, Francisco Horacio"]
[Black "De Haro, Martim Alfonso"]
[Result "1/2-1/2"]
[WhiteElo "2240"]
[BlackElo "2036"]
[PlyCount "67"]
[EventDate "2015.01.14"]
[EventType "swiss"]
[EventRounds "10"]
[EventCountry "BRA"]
[SourceTitle "CBM 164 Extra"]
[Source "ChessBase"]
[SourceDate "2015.03.02"]
[SourceVersion "1"]
[SourceVersionDate "2015.03.02"]
[SourceQuality "1"]

1. d4 Nf6 2. c4 e6 3. Nc3 d5 4. Nf3 c5 5. cxd5 Nxd5 6. e4 Nxc3 7. bxc3 cxd4 8. cxd4 Nc6 9. a3 Be7 10. Bd3 0-0 11. Bc2 Qa5+ 12. Bd2 Qa6 13. Bc3 Qc4 14. Qd2 b6 15. Bd3 Qa4 16. 0-0 Ba6 17. Bxa6 Qxa6 18. d5 exd5 19. exd5 Rad8 20. Qa2 Na5 21. Qb2 Nc4 22. Qe2 Rfe8 23. Rfe1 Qa4 24. Qd3 Nd6 25. Ne5 Bf6 26. Nc6 Rxe1+ 27. Rxe1 Bxc3 28. Qxc3 Re8 29. Rxe8+ Nxe8 30. h3 h5 31. Qe5 Nf6 32. Ne7+ Kf8 33. d6 Qd7 34. Nd5 1/2-1/2

[Event "Santa Maria op"]
[Site "Santa Maria de Jetiba"]
[Date "2013.07.??"]
[Round "3"]
[White "Dejeanne, Francisco Horacio"]
[Black "Da Silva, Joao Carlos Orguim"]
[Result "1-0"]
[WhiteElo "2240"]
[BlackElo "1895"]
[PlyCount "73"]
[EventDate "2013.07.??"]
[EventType "swiss"]
[EventRounds "7"]
[EventCountry "BRA"]
[SourceTitle "EXT 2022"]
[Source "ChessBase"]
[SourceDate "2021.10.06"]
[SourceVersion "1"]
[SourceVersionDate "2021.10.06"]
[SourceQuality "1"]

1. d4 d5 2. c4 Nf6 3. cxd5 Qxd5 4. Nc3 Qd8 5. Nf3 e6 6. e4 c6 7. Bd3 Nbd7 8. 0-0 b6 9. Bg5 h6 10. Bh4 Be7 11. Qe2 Bb7 12. Rfd1 Rc8 13. Rac1 Nh5 14. Bxe7 Qxe7 15. Bb1 Nf4 16. Qd2 g5 17. e5 c5 18. Be4 Ba6 19. d5 exd5 20. Nxd5 Nxd5 21. Qxd5 Rc7 22. Bf5 Bc8 23. Re1 Bb7 24. Qd3 Nf8 25. e6 Nxe6 26. Ne5 Bc8 27. Ng6 fxg6 28. Bxe6 Bxe6 29. Qxg6+ Bf7 30. Rxe7+ Rxe7 31. Qf6 Rh7 32. Rd1 Bxa2 33. h3 Bb3 34. Rd3 Bc4 35. Rd6 Bb5 36. Qg6+ Kf8 37. Rd8+ 1-0

[Event "Santa Maria op"]
[Site "Santa Maria de Jetiba"]
[Date "2013.07.??"]
[Round "5"]
[White "Dejeanne, Francisco Horacio"]
[Black "Da Silva Borges, Rodrigo"]
[Result "1/2-1/2"]
[WhiteElo "2240"]
[BlackElo "2244"]
[PlyCount "33"]
[EventDate "2013.07.??"]
[EventType "swiss"]
[EventRounds "7"]
[EventCountry "BRA"]
[SourceTitle "EXT 2022"]
[Source "ChessBase"]
[SourceDate "2021.10.06"]
[SourceVersion "1"]
[SourceVersionDate "2021.10.06"]
[SourceQuality "1"]

1. d4 d5 2. c4 e6 3. Nc3 c6 4. Nf3 dxc4 5. a4 Bb4 6. Bd2 Nf6 7. e3 c5 8. Bxc4 0-0 9. 0-0 Nc6 10. Ne2 Bxd2 11. Qxd2 Qe7 12. Qc3 Bd7 13. dxc5 Ne4 14. Qc2 Nxc5 15. Nc3 Rac8 16. Qe2 Rfd8 17. Rfd1 1/2-1/2

[Event "Santa Maria op"]
[Site "Santa Maria de Jetiba"]
[Date "2013.07.??"]
[Round "1"]
[White "Dejeanne, Francisco Horacio"]
[Black "De Castro, Alexandre Zanini"]
[Result "1-0"]
[WhiteElo "2240"]
[BlackElo "2278"]
[PlyCount "41"]
[EventDate "2013.07.??"]
[EventType "swiss"]
[EventRounds "7"]
[EventCountry "BRA"]
[SourceTitle "EXT 2022"]
[Source "ChessBase"]
[SourceDate "2021.10.06"]
[SourceVersion "1"]
[SourceVersionDate "2021.10.06"]
[SourceQuality "1"]

1. e4 a6 2. d4 b5 3. a4 b4 4. f4 Bb7 5. Bd3 Nf6 6. Qe2 e6 7. Nd2 c5 8. Ngf3 cxd4 9. 0-0 Be7 10. Kh1 a5 11. Nxd4 Nc6 12. Nb5 e5 13. Nc4 Nd4 14. Qe1 d6 15. fxe5 dxe5 16. Nxe5 0-0 17. Nxd4 Qxd4 18. Nf3 Qd8 19. e5 Nd5 20. Qe4 Ba6 21. Qxh7# 1-0

[Event "Registro op 2008"]
[Site "Registro"]
[Date "2008.05.01"]
[Round "3"]
[White "Leitao, Rafael Duailibe"]
[Black "Dejeanne, Francisco Horacio"]
[Result "1-0"]
[WhiteElo "2604"]
[BlackElo "2239"]
[PlyCount "64"]
[EventDate "2008.04.30"]
[EventType "swiss"]
[EventRounds "9"]
[EventCountry "BRA"]
[SourceTitle "EXT 2022"]
[Source "ChessBase"]
[SourceDate "2021.10.06"]
[SourceVersion "1"]
[SourceVersionDate "2021.10.06"]
[SourceQuality "1"]

1. d4 e6 2. c4 d5 3. Nc3 f5 4. Bf4 c6 5. e3 Nf6 6. Bd3 Be7 7. Nge2 0-0 8. Qc2 a6 9. c5 Kh8 10. f3 Nbd7 11. Na4 Re8 12. 0-0 Bf8 13. b4 g6 14. Qc3 Bg7 15. Bd6 Rg8 16. Rae1 Ne8 17. Bg3 g5 18. e4 f4 19. Bf2 Qf6 20. Qc2 h6 21. e5 Qe7 22. g3 fxg3 23. Bxg3 h5 24. Kh1 h4 25. Bf2 Bh6 26. Rg1 Nf8 27. Nb6 Rb8 28. Rg4 Qf7 29. f4 Ng6 30. Bxg6 Rxg6 31. Bxh4 Rg7 32. fxg5 Qf3+ 1-0